000
00319cam a22001337a 4500
008
180718b1958 xxu||||| |||| 00| 0 eng d
082
_a
B251 P652
100
_a
Pine, L. G.
245
_a
Twilight of monarchy
_c
by L. G Pine
260
_a
London
_b
Burke
_c
1958
300
_a
213 p.
500
_a
18/-
650
_a
Monarchy
999
_c
420709
_d
420709